000 00486cam a22001814a 4500
005 20250605163536.0
008 250528s ||||||||||||||||||||||||d
035 _a21400
040 _aGR-AtMCL
_bgre
_dGR-AtMCL
_eAACR2
245 1 _aΜΑΘΗΜΑΤΙΚΑ ΟΙΚΟΝΟΜΙΚΩΝ ΕΠΙΣΤΗΜΩΝ ΤΟΜΟΣ Α
250 _a1
260 _bΑ.Π.Θ,
_c1996
300 _a783
700 1 _aΛουκακης Μανωλης
942 _cBK
999 _c6463
_d6463